Tìm hiểu hướng dẫn xử lý 1000 hành vi thực trạng vi phạm pháp luật và mức xử phạt theo luật xử phạt vi phạm hành chính được quốc hội khóa XIII thông qua

Сохранить в:
Библиографические подробности
Главный автор: Quý, Long (Sưu tầm và hệ thống hóa)
Другие авторы: Kim, Thư (Sưu tầm và hệ thống hóa)
Формат:
Язык:Vietnamese
Опубликовано: H. Lao Động 2012
Предметы:
Метки: Добавить метку
Нет меток, Требуется 1-ая метка записи!
Thư viện lưu trữ: Trung tâm Học liệu Lê Vũ Hùng, Trường Đại học Đồng Tháp
LEADER 01044aam a22002418a 4500
001 00029470
005 20171026081022.0
008 120809s2012 ||||||viesd
020 |c 325000 
041 0 # |a vie 
082 1 4 |a 346.597  |b T310H 
100 1 # |a Quý, Long  |e Sưu tầm và hệ thống hóa 
245 1 0 |a Tìm hiểu hướng dẫn xử lý 1000 hành vi thực trạng vi phạm pháp luật và mức xử phạt theo luật xử phạt vi phạm hành chính được quốc hội khóa XIII thông qua  |c Quý Long, Kim Thư (s.t và hệ thống hóa) 
260 # # |a H.  |b Lao Động  |c 2012 
300 # # |a 495tr.  |c 28cm. 
650 # 4 |a Pháp luật  |z Việt Nam 
653 # # |a Vi phạm 
653 # # |a Xử phạt hành chính 
700 1 # |a Kim, Thư  |e Sưu tầm và hệ thống hóa 
852 # # |b Kho đọc  |j KD.0013782 
852 # # |j KD.0013782 
910 0 # |d 15/8/2012  |a kchi 
980 # # |a Trung tâm Học liệu Lê Vũ Hùng, Trường Đại học Đồng Tháp